Repeat - Luke Hemmings (All Lyrics) - Statistics

General Stats
  • This quiz has been taken 42 times
  • The average score is 213 of 263
Answer Stats
Repeat % Correct
a
100%
and
100%
I
100%
is
100%
the
100%
The
100%
all
94%
But
94%
but
94%
in
94%
In
94%
just
94%
Of
94%
of
94%
on
94%
repeat
94%
see
94%
that
94%
we
94%
you
94%
You
94%
Your
94%
your
94%
can't
88%
done
88%
face
88%
me
88%
my
88%
place
88%
same
88%
so
88%
that's
88%
Pre-Chorus This
88%
You're
88%
away?
82%
Away
82%
Been
82%
damn
82%
dark
82%
familiar
82%
it
82%
name
82%
said
82%
seem
82%
shadow
82%
stay
82%
to
82%
won't
82%
are
76%
for
76%
gone
76%
Verse 1 Here
76%
If
76%
if
76%
Living
76%
mirror
76%
never
76%
what
76%
borrowed
71%
came
71%
come
71%
don't
71%
from
71%
game
71%
get
71%
inches
71%
life's
71%
long
71%
love
71%
staring
71%
waiting
71%
heart
65%
how'd
65%
miles
65%
moment
65%
morning's
65%
pain
65%
Tell
65%
tell
65%
tomorrow
65%
apart
59%
catches
59%
fall
59%
have
59%
know
59%
Outro Leave
59%
leave
59%
Let
59%
let
59%
madness
59%
run
59%
still
59%
Now
53%
up
53%
window
53%
Yeah
53%
become?
47%
bet
47%
Bible
47%
fear
47%
Verse 2 Hand
47%
house
47%
Lost
47%
overrun
47%
sorrow
47%
keeps
41%
rubble
41%
stacking
41%
stands
41%
wrongs
35%
No matching quizzes found
Score Distribution
Percent of People with Each Score
Percentile by Number Answered
Your Score History
You have not taken this quiz